000 00788nam a22002417a 4500
999 _c15671
_d15671
003 MIRAKIL
005 20240320135915.0
008 240320b tu ||||| |||| 00| 0 tur d
020 _a9789751743923
040 _aTR-AnCHP
_cTR-AnCHP
041 _atur
082 _a891.55
_bD32m 2019
100 _aFedayi Mehmed Dede
245 1 0 _aMantıkı-ı Esrar /
_cFedayi Mehmed Dede; haz.:Güler Doğan Averbek.
260 _aAnkara:
_bTürk Dil Kurumu Yayınları,
_c2019.
300 _a392 s. ;
_c24 cm.
490 0 _aATDTYK Türk Dil Kurumu Yayınları;
_v1317.
500 _aDizin: 383-388 ss.
504 _aKaynakça: 389-390
650 0 _97787
_aİran edebiyatı
856 _zDijital Nüshası için Partimizin Kütüphane Sorumlusu ile iletişime geçiniz.
942 _2ddc
_cBKS